| 000 | 00489nam a2200205Ia 4500 | ||
|---|---|---|---|
| 003 | OSt | ||
| 005 | 20140321102053.0 | ||
| 008 | 140130s9999 xx 000 0 und d | ||
| 020 | _a0439318882 | ||
| 050 |
_aPZ 8.3 _b.M4194Pap 2001 |
||
| 100 | _aMarzollo, Jean | ||
| 245 |
_cJean Marzollo _aPapa Papa / |
||
| 260 |
_bScholastic, _c2001. _aNew York : |
||
| 300 |
_a28 p. : _bcol. ill. ; _c18 cm. |
||
| 440 | _v1 | ||
| 521 | _aBR | ||
| 526 | _cBR | ||
| 942 |
_cBK _2lcc |
||
| 999 |
_c41586 _d41586 |
||